[Event "225th YMCA Winter B"]
[Site "Warsaw"]
[Date "2020.01.14"]
[Round "1"]
[White "Prus, Marek"]
[Black "Szukalski, Antoni"]
[Result "1-0"]
[WhiteElo "1672"]
[BlackElo "1752"]
[PlyCount "61"]
[EventDate "2020.01.08"]
[EventType "tourn"]
[EventRounds "1"]
[EventCountry "POL"]
[SourceDate "2020.01.08"]

1. e4 c5 2. Nf3 d6 3. d4 cxd4 4. Qxd4 Nc6 5. Bb5 Bd7 6. Bxc6 Bxc6 7. Nc3 Nf6 8.
Bg5 e6 9. O-O-O h6 10. Bh4 Be7 11. Rhe1 e5 12. Qd3 g5 13. Bg3 a6 14. Kb1 Qc7
15. Nd2 O-O-O 16. f3 Nh5 17. Nd5 Bxd5 18. Qxd5 Nxg3 19. hxg3 Rh7 20. Re3 Kb8
21. Rc3 Qd7 22. Nc4 Qe6 23. Nb6 Qxd5 24. Rxd5 f6 25. a4 Bf8 26. Rdd3 g4 27. Rc4
h5 28. Rdc3 Bh6 29. Rc8+ Rxc8 30. Rxc8+ Ka7 31. a5 1-0

[Event "225th YMCA Winter B"]
[Site "Warsaw"]
[Date "2020.01.21"]
[Round "1"]
[White "Sypula, Krzysztof"]
[Black "Kwiek, Janusz"]
[Result "0-1"]
[WhiteElo "1667"]
[BlackElo "1549"]
[PlyCount "122"]
[EventDate "2020.01.08"]
[EventType "tourn"]
[EventRounds "1"]
[EventCountry "POL"]
[SourceDate "2020.01.08"]

1. d4 e6 2. c4 Nf6 3. Nf3 d5 4. g3 c5 5. cxd5 exd5 6. Bg2 Nc6 7. Nc3 cxd4 8.
Nxd4 Bc5 9. Nxc6 bxc6 10. O-O O-O 11. Qc2 Bd6 12. Bg5 h6 13. Bxf6 Qxf6 14. e3
Rb8 15. Rac1 Bd7 16. Rfd1 Bg4 17. Rd2 Bb4 18. Rd4 Be6 19. a3 Bxc3 20. Qxc3 Rfc8
21. b4 Rb6 22. Qc5 Ra6 23. Rc3 g5 24. Bf1 Rb6 25. Rd2 Bf5 26. Qd4 Qxd4 27. Rxd4
Be4 28. Rc5 Re8 29. Be2 Kg7 30. Ra5 Re7 31. Rd1 Kf6 32. Rc5 Re6 33. Rdc1 Ke7
34. f3 Bg6 35. Kf2 Kd7 36. Ra5 Rb7 37. Ra6 Rc7 38. Ra5 Kc8 39. Rac5 Kb7 40. Bd1
Bd3 41. Bb3 Rce7 42. e4 Re5 43. Ba4 dxe4 44. Bxc6+ Kb6 45. Rxe5 Rxe5 46. Bxe4
Bxe4 47. Re1 f5 48. g4 Re6 49. fxe4 fxe4 50. Ke3 Kb5 51. Rc1 Ka4 52. Rc3 Rf6
53. Kxe4 Rf4+ 54. Ke5 Rxg4 55. Rh3 Rh4 56. Rxh4 gxh4 57. Kd5 Kxa3 58. b5 Kb4
59. Kc6 Ka5 60. Kc5 Ka4 $11 61. h3 Kb3 0-1

[Event "225th YMCA Winter B"]
[Site "Warsaw"]
[Date "2020.01.09"]
[Round "1"]
[White "Poniewierski, Piotr"]
[Black "Mazurek, Jerzy"]
[Result "1-0"]
[WhiteElo "1837"]
[BlackElo "1672"]
[PlyCount "79"]
[EventDate "2020.01.08"]
[EventType "tourn"]
[EventRounds "1"]
[EventCountry "POL"]
[SourceDate "2020.01.08"]

1. Nf3 Nf6 2. c4 e6 3. g3 d5 4. Bg2 d4 5. b4 Be7 6. Bb2 O-O 7. Nxd4 Bxb4 8. O-O
c6 9. Nc2 Bd6 10. d4 Nbd7 11. e4 Ne8 12. e5 Be7 13. Nd2 Qc7 14. Re1 Rb8 15. Rc1
b5 16. d5 cxd5 17. cxd5 exd5 18. Bxd5 Nc5 19. Nb4 Bb7 20. Ne4 Qa5 21. Bc3 Qd8
22. Nxc5 Bxc5 23. Bxb7 Qxd1 24. Rexd1 Rxb7 25. Rd5 Be7 26. Nc6 Ba3 27. Rb1 Rc7
28. Rb3 Rxc6 29. Rxa3 Nc7 30. Rd7 a6 31. Bb4 Rc8 32. Rf3 f6 33. exf6 gxf6 34.
Re3 Ne8 35. Ree7 Rc4 36. a3 R4c7 37. Rxe8+ Rxe8 38. Rxc7 Re6 39. Kg2 Re2 40.
Rc6 1-0

[Event "225th YMCA Winter B"]
[Site "Warsaw"]
[Date "2020.01.09"]
[Round "1"]
[White "Koziol, Pawel"]
[Black "Kasperski, Marcin"]
[Result "1/2-1/2"]
[WhiteElo "1788"]
[BlackElo "1647"]
[PlyCount "150"]
[EventDate "2020.01.08"]
[EventType "tourn"]
[EventRounds "1"]
[EventCountry "POL"]
[SourceDate "2020.01.08"]

1. e4 e6 2. Qe2 c5 3. Nf3 Nc6 4. g3 Nge7 5. Bg2 Nd4 6. Nxd4 cxd4 7. O-O Nc6 8.
d3 Be7 9. c4 e5 10. f4 d6 11. Nd2 O-O 12. Rb1 a5 13. f5 Bg5 14. Nf3 Bxc1 15.
Rfxc1 f6 16. Qd2 b6 17. Bf1 Bd7 18. Be2 Qe7 19. Bd1 Nb8 20. b4 Rc8 21. c5 dxc5
22. bxc5 b5 23. Bb3+ Kh8 24. Bd5 Ra7 25. c6 Nxc6 26. Rxb5 Qd8 27. Bxc6 Rxc6 28.
Rxc6 Bxc6 29. Rc5 Be8 30. Qc2 Kg8 31. Qc4+ Kf8 32. Nd2 Qb6 33. Rc8 Qb4 34. Qc6
Re7 35. Qc2 Kf7 36. Rc4 Qb6 37. Nb3 Bb5 38. Rc8 Ba6 39. Rh8 Re8 40. Rxh7 Kg8
41. Qd1 Kxh7 42. Qh5+ Kg8 43. Qxe8+ Kh7 44. Qh5+ Kg8 45. Qd1 a4 46. Nc1 Qb1 47.
Qf1 Qc2 48. h4 $11 Qd2 49. Kh1 Kf8 50. g4 Ke7 51. g5 fxg5 52. hxg5 Qxg5 53. Qd1
Qe3 54. Qc2 Bxd3 55. Nxd3 Qxe4+ 56. Kg1 Qxf5 57. Qc7+ Kf6 58. Qd8+ Kg6 59. Qe8+
Kf6 60. Qf8+ Kg6 61. Qd6+ Kh7 62. Nxe5 Qb1+ 63. Kf2 Qxa2+ 64. Kg3 Qb3+ 65. Kh4
Qc2 66. Qxd4 a3 67. Nd3 Qh2+ 68. Kg4 Qg2+ 69. Kf5 Qg6+ 70. Kf4 a2 71. Nb4 Qb1
72. Nxa2 Qxa2 73. Qd3+ Kg8 74. Qd8+ Kf7 75. Qd7+ Kf8 $11 1/2-1/2

[Event "225th YMCA Winter B"]
[Site "Warsaw"]
[Date "2020.01.09"]
[Round "1"]
[White "Omar, Mohamed"]
[Black "Sloniewska, Alicja"]
[Result "1-0"]
[WhiteElo "1834"]
[BlackElo "1683"]
[PlyCount "167"]
[EventDate "2020.01.08"]
[EventType "tourn"]
[EventRounds "1"]
[EventCountry "POL"]
[SourceDate "2020.01.08"]

1. e4 c6 2. d3 d5 3. Nd2 e6 4. Ngf3 Nf6 5. g3 Be7 6. Bg2 O-O 7. O-O Qc7 8. Re1
dxe4 9. dxe4 Nbd7 10. Nb3 e5 11. c3 Nc5 12. Nxc5 Bxc5 13. Be3 Bxe3 14. Rxe3 Bg4
15. Qc2 Rad8 16. Ne1 Rd7 17. Rd3 Rfd8 18. f3 Be6 19. b3 c5 20. Rad1 Rxd3 21.
Rxd3 Rxd3 22. Nxd3 c4 23. Nc1 Qc5+ 24. Qf2 Qa3 25. Qd2 Qc5+ 26. Kf1 h6 27. b4
Qc7 28. a4 a6 29. a5 b5 30. axb6 Qxb6 31. Qa2 Ne8 32. Qf2 Qd6 33. Ke1 Nc7 34.
Qe3 Nb5 35. Ne2 f6 36. f4 Qd3 37. Qxd3 cxd3 38. Nc1 Nxc3 39. fxe5 fxe5 40. Nxd3
Na2 41. Kd2 Bc4 42. Nxe5 Bb5 43. Nd3 Bxd3 44. Kxd3 Nxb4+ 45. Kc4 a5 46. Kb5 Kf7
47. Kxa5 Nd3 48. Kb5 Kf6 49. Kc4 Ne5+ 50. Kd4 Nc6+ 51. Kd5 Ne7+ 52. Kd6 Nc8+
$11 53. Kd7 Nb6+ 54. Kc6 Nc4 55. Kc5 Ne5 56. Kd5 Ng4 57. Kd6 Ne5 58. Bf1 Nf7+
59. Kd5 Ne5 60. Be2 Nf7 61. Bb5 Ne5 62. Be2 Nf7 63. Kd4 Ne5 64. Ke3 Ng6 65. Bh5
Ne5 66. h3 Nc4+ 67. Kd4 Ne5 68. Kd5 Nd3 69. Be2 Ne5 70. h4 Nf7 71. g4 g5 72. h5
Ne5 73. Kd6 Nf7+ 74. Kd7 Ne5+ 75. Ke8 Kg7 76. Ke7 Nc6+ 77. Kd6 Nd8 78. e5 Nf7+
79. Ke6 Nd8+ 80. Kd7 Nb7 81. e6 Nc5+ 82. Ke7 Nb7 83. Bf3 Nc5 84. Kd6 1-0

[Event "225th YMCA Winter B"]
[Site "Warsaw"]
[Date "2020.01.09"]
[Round "1"]
[White "Potocki, Karol"]
[Black "Kalejta, Arkadiusz"]
[Result "1-0"]
[WhiteElo "1845"]
[BlackElo "1774"]
[PlyCount "61"]
[EventDate "2020.01.08"]
[EventType "tourn"]
[EventRounds "1"]
[EventCountry "POL"]
[SourceDate "2020.01.08"]

1. d4 d5 2. Bf4 Nf6 3. e3 c5 4. c3 Nc6 5. Nd2 cxd4 6. exd4 Bf5 7. Ngf3 e6 8.
Be2 Be7 9. O-O O-O 10. a4 Qb6 11. b4 Rfc8 12. a5 Qd8 13. Qa4 Ne4 14. Nxe4 Bxe4
15. b5 Nb8 16. Rac1 Nd7 17. Rfd1 g5 18. Be3 f5 19. Nd2 f4 20. Nxe4 dxe4 21. Bd2
Nf6 22. Qb3 Qd6 23. c4 b6 24. c5 Qd7 25. c6 Qd6 26. Bc4 Nd5 27. Re1 Rf8 28.
Rxe4 Rf5 29. Rce1 Bf8 30. Rxe6 Qd8 31. R6e5 1-0

[Event "225th YMCA Winter B"]
[Site "Warsaw"]
[Date "2020.01.09"]
[Round "1"]
[White "Safanowski, Tomasz"]
[Black "Dabrowski, Leszek"]
[Result "1-0"]
[WhiteElo "1834"]
[BlackElo "1598"]
[PlyCount "27"]
[EventDate "2020.01.08"]
[EventType "tourn"]
[EventRounds "1"]
[EventCountry "POL"]
[SourceDate "2020.01.08"]

1. d4 Nf6 2. c4 e6 3. Nc3 d5 4. Bg5 Bb4 5. Qb3 Nc6 6. e3 O-O 7. Nf3 dxc4 8.
Bxc4 h6 9. Bh4 Qe7 10. a3 Bd6 11. Qc2 e5 12. Nd5 Qd8 13. Nxf6+ gxf6 14. Qg6+
1-0

[Event "225th YMCA Winter B"]
[Site "Warsaw"]
[Date "2020.01.16"]
[Round "2"]
[White "Szukalski, Antoni"]
[Black "Dabrowski, Leszek"]
[Result "1-0"]
[WhiteElo "1752"]
[BlackElo "1598"]
[PlyCount "75"]
[EventDate "2020.01.08"]
[EventType "tourn"]
[EventRounds "1"]
[EventCountry "POL"]
[SourceDate "2020.01.08"]

1. d4 Nf6 2. c4 c5 3. d5 e6 4. Nc3 exd5 5. cxd5 d6 6. e4 g6 7. Nf3 Bg7 8. Bd3
O-O 9. O-O a6 10. a4 b6 11. Bg5 Qc7 12. Re1 Nbd7 13. Qd2 Re8 14. Rac1 Rb8 15.
Ne2 Qb7 16. Ng3 Ng4 17. b4 Nge5 18. Nxe5 Nxe5 19. Bf1 Bd7 20. a5 Rbc8 21. axb6
Qxb6 22. bxc5 dxc5 23. h3 Bb5 24. Be3 Nd7 25. f4 h5 26. e5 Qc7 27. Ne4 Bf8 28.
d6 Qb6 29. Qf2 Qb7 30. Nxc5 Nxc5 31. Bxc5 Qd7 32. Bxb5 Qxb5 33. Be3 Red8 34.
Rb1 Qd5 35. Rbd1 Qe6 36. Bb6 Rd7 37. Bc7 Kg7 38. Qe2 $138 1-0

[Event "225th YMCA Winter B"]
[Site "Warsaw"]
[Date "2020.01.16"]
[Round "2"]
[White "Kalejta, Arkadiusz"]
[Black "Safanowski, Tomasz"]
[Result "1-0"]
[WhiteElo "1774"]
[BlackElo "1834"]
[PlyCount "107"]
[EventDate "2020.01.08"]
[EventType "tourn"]
[EventRounds "1"]
[EventCountry "POL"]
[SourceDate "2020.01.08"]

1. e4 e6 2. d4 d5 3. Nd2 Nf6 4. e5 Nfd7 5. Bd3 b6 6. Ne2 c5 7. c3 Ba6 8. Bxa6
Nxa6 9. O-O Be7 10. Nf4 g6 11. Qg4 Rc8 12. Nf3 b5 13. h4 cxd4 14. cxd4 Nb4 15.
h5 g5 16. Nh3 h6 17. Be3 Nb6 18. Ne1 Kd7 19. Qe2 a6 20. a3 Nc6 21. Nd3 Nc4 22.
b3 N4a5 23. Qb2 b4 24. axb4 Nxb4 25. Nxb4 Bxb4 26. Rac1 Qb6 27. f4 g4 28. Nf2
Rxc1 29. Rxc1 g3 30. Nd3 Rc8 31. Rxc8 Kxc8 32. Qc2+ Kd7 33. f5 Bf8 34. fxe6+
fxe6 35. Nc1 Qb4 36. Qd2 Qxd2 37. Bxd2 Ba3 38. Bxh6 Ke7 39. Bd2 Bxc1 40. Bxa5
Be3+ 41. Kf1 Bxd4 42. Bc7 Kf7 43. Ke2 Kg7 44. Kf3 Bf2 45. Bd8 Kh6 46. Kg4 d4
47. Bg5+ Kh7 48. Bd2 d3 49. Kf3 Bd4 50. Kxg3 Bxe5+ 51. Kf3 Bg7 52. Ke4 Bh6 53.
Kxd3 e5 54. Bxh6 1-0

[Event "225th YMCA Winter B"]
[Site "Warsaw"]
[Date "2020.01.17"]
[Round "2"]
[White "Sloniewska, Alicja"]
[Black "Potocki, Karol"]
[Result "1/2-1/2"]
[WhiteElo "1683"]
[BlackElo "1845"]
[PlyCount "49"]
[EventDate "2020.01.08"]
[EventType "tourn"]
[EventRounds "1"]
[EventCountry "POL"]
[SourceDate "2020.01.08"]

1. d4 Nf6 2. c4 g6 3. Nc3 Bg7 4. e4 d6 5. Nf3 O-O 6. Be2 e5 7. dxe5 dxe5 8.
Qxd8 Rxd8 9. Bg5 Re8 10. O-O-O c6 11. Nxe5 Nxe4 12. Nxe4 Bxe5 13. Bd3 Nd7 14.
Bc2 f6 15. Be3 Nb6 16. b3 Bf5 17. Nd6 Bxc2 18. Kxc2 Re7 19. Ne4 Kf7 20. Bc5
Ree8 21. Nd6+ Bxd6 22. Rxd6 Re2+ 23. Rd2 Rxd2+ 24. Kxd2 Nd7 25. Bd4 $11 1/2-1/2

[Event "225th YMCA Winter B"]
[Site "Warsaw"]
[Date "2020.01.16"]
[Round "2"]
[White "Kasperski, Marcin"]
[Black "Omar, Mohamed"]
[Result "0-1"]
[WhiteElo "1647"]
[BlackElo "1834"]
[PlyCount "134"]
[EventDate "2020.01.08"]
[EventType "tourn"]
[EventRounds "1"]
[EventCountry "POL"]
[SourceDate "2020.01.08"]

1. e4 Nf6 2. e5 Nd5 3. Nc3 e6 4. Nxd5 exd5 5. f4 d6 6. d4 Be7 7. Bd3 dxe5 8.
fxe5 c5 9. c3 cxd4 10. cxd4 Bb4+ 11. Kf1 Nc6 12. Be3 Be7 13. a3 Bg5 14. Bf2 Be6
15. Nf3 Bh6 16. b4 Rc8 17. Ra2 O-O 18. h3 Ne7 19. g4 Ng6 20. Rc2 Qe7 21. Bg3
Rxc2 22. Bxc2 Rc8 23. Qd3 Qc7 24. Rh2 Bc1 25. Nh4 Qc3 26. Nxg6 hxg6 27. Be1
Qxd3+ 28. Bxd3 Be3 29. Rc2 Bxd4 30. Bg3 Rc3 31. Rxc3 Bxc3 32. b5 d4 33. Bh4 Kf8
34. Bd8 Bb2 35. a4 Bd5 36. Bc7 Ba3 37. Bb8 Bc5 38. a5 Ke7 39. a6 bxa6 40. bxa6
Kd7 41. Bb5+ Bc6 42. Bc4 Kc8 43. Bd6 Bxd6 44. exd6 Kd7 45. Bxf7 Bb5+ 46. Ke1 g5
47. Bg6 Kxd6 48. Kd2 Bxa6 49. Bf5 Bf1 50. Bc8 Ke5 51. Bd7 Bxh3 52. Ke2 Kf4 53.
Kd3 Bxg4 54. Bb5 Ke5 55. Ba6 Bh3 56. Ke2 Be6 57. Kf3 g4+ 58. Kf2 Kf4 59. Bb7
Bc4 60. Bc6 d3 61. Ba4 g3+ 62. Kg1 d2 63. Bd1 Ke3 64. Kg2 Be2 65. Ba4 d1=Q 66.
Bxd1 Bxd1 67. Kxg3 a5 0-1

[Event "225th YMCA Winter B"]
[Site "Warsaw"]
[Date "2020.01.15"]
[Round "2"]
[White "Mazurek, Jerzy"]
[Black "Koziol, Pawel"]
[Result "1/2-1/2"]
[WhiteElo "1672"]
[BlackElo "1788"]
[PlyCount "64"]
[EventDate "2020.01.08"]
[EventType "tourn"]
[EventRounds "1"]
[EventCountry "POL"]
[SourceDate "2020.01.08"]

1. d4 Nf6 2. c4 e6 3. Nc3 d5 4. cxd5 exd5 5. Bg5 c6 6. e3 Be7 7. Bd3 O-O 8. Qc2
h6 9. Bh4 a5 10. Nge2 Na6 11. a3 Re8 12. O-O Ne4 13. Bxe7 Qxe7 14. Rae1 Nc7 15.
Na4 Nf6 16. Nb6 Ra7 17. Ng3 Be6 18. f3 Nd7 19. Na4 b5 20. Nc3 Nb6 21. e4 Qh4
22. Qf2 Raa8 23. e5 b4 24. axb4 axb4 25. Nd1 Rf8 26. f4 f5 27. Qc2 Nc4 28. Nxf5
Bxf5 29. Bxf5 Nb5 30. Bh7+ Kh8 31. g3 Qe7 32. Qd3 Nxd4 $11 1/2-1/2

[Event "225th YMCA Winter B"]
[Site "Warsaw"]
[Date "2020.01.17"]
[Round "2"]
[White "Kwiek, Janusz"]
[Black "Poniewierski, Piotr"]
[Result "0-1"]
[WhiteElo "1549"]
[BlackElo "1837"]
[PlyCount "80"]
[EventDate "2020.01.08"]
[EventType "tourn"]
[EventRounds "1"]
[EventCountry "POL"]
[SourceDate "2020.01.08"]

1. Nf3 c5 2. c4 b6 3. g3 Bb7 4. Bg2 g6 5. O-O Bg7 6. Nc3 e6 7. d4 cxd4 8. Nxd4
Bxg2 9. Kxg2 a6 10. e4 Ne7 11. Be3 O-O 12. Qb3 Qc7 13. Na4 Nbc6 14. Nxc6 Qxc6
15. f3 b5 16. cxb5 axb5 17. Nc3 Rfb8 18. Rac1 Qc4 19. Qd1 Bxc3 20. Rxc3 Qxa2
21. Rf2 Rb7 22. Qd6 Nc6 23. Bh6 b4 24. Rc1 Re8 25. Rd2 Qa8 26. Rcd1 Qb8 27. Qc5
Qe5 28. Qe3 d5 29. Qc5 Ne7 30. Bf4 Qf6 31. exd5 Nxd5 32. Bd6 Qg5 33. Kf2 Rd8
34. f4 Qh5 35. Kg2 Rbd7 36. Be5 f6 37. Bd4 Nxf4+ 38. gxf4 Qxc5 39. Bxc5 Rxd2+
40. Rxd2 Rxd2+ 0-1

[Event "225th YMCA Winter B"]
[Site "Warsaw"]
[Date "2020.02.04"]
[Round "2"]
[White "Prus, Marek"]
[Black "Sypula, Krzysztof"]
[Result "0-1"]
[WhiteElo "1672"]
[BlackElo "1667"]
[PlyCount "76"]
[EventDate "2020.01.08"]
[EventType "tourn"]
[EventRounds "1"]
[EventCountry "POL"]
[SourceDate "2020.01.08"]

1. e4 d5 2. exd5 Qxd5 3. Nc3 Qa5 4. d4 Nf6 5. Nf3 c6 6. Bc4 Bg4 7. h3 Bh5 8.
Bd2 Qc7 9. Qe2 Nbd7 10. g4 Bg6 11. O-O-O Nb6 12. Ne5 e6 13. Rhe1 O-O-O 14. Bf4
Bd6 15. Kb1 Nfd5 16. Bxd5 Nxd5 17. Nxd5 exd5 18. Nxg6 hxg6 19. Bxd6 Rxd6 20.
Rd3 Re6 21. Re3 Rhe8 22. Qf1 Qd7 23. Rxe6 Rxe6 24. Re3 Qe7 25. Qe2 Rxe3 26.
Qxe3 Qxe3 27. fxe3 g5 28. Kc1 Kd7 29. Kd2 g6 30. Kd3 f5 31. Ke2 Ke6 32. Kf3 a5
33. Kg3 b6 34. c3 c5 35. a4 cxd4 36. exd4 f4+ 37. Kf3 Kd6 38. b4 b5 0-1

[Event "225th YMCA Winter B"]
[Site "Warsaw"]
[Date "2020.01.23"]
[Round "3"]
[White "Sypula, Krzysztof"]
[Black "Szukalski, Antoni"]
[Result "0-1"]
[WhiteElo "1667"]
[BlackElo "1752"]
[PlyCount "54"]
[EventDate "2020.01.08"]
[EventType "tourn"]
[EventRounds "1"]
[EventCountry "POL"]
[SourceDate "2020.01.08"]

1. d4 d5 2. c4 c6 3. Nf3 Nf6 4. Qc2 e6 5. a3 Nbd7 6. e3 Bd6 7. Nc3 O-O 8. Be2
e5 9. cxd5 cxd5 10. dxe5 Nxe5 11. O-O Be6 12. Nxe5 Bxe5 13. Bd2 Rc8 14. Qd3 Ne4
15. Be1 Nxc3 16. Bxc3 Bxc3 17. bxc3 Qa5 18. Rfc1 Rc5 19. Bf3 Rfc8 20. Qd4 Rxc3
21. Rxc3 Qxc3 22. Qd1 b6 23. h3 g6 24. Kh2 a6 25. g3 b5 26. g4 Qb2 27. Kg2 Rc2
0-1

[Event "225th YMCA Winter B"]
[Site "Warsaw"]
[Date "2020.01.23"]
[Round "3"]
[White "Poniewierski, Piotr"]
[Black "Prus, Marek"]
[Result "1-0"]
[WhiteElo "1837"]
[BlackElo "1672"]
[PlyCount "83"]
[EventDate "2020.01.08"]
[EventType "tourn"]
[EventRounds "1"]
[EventCountry "POL"]
[SourceDate "2020.01.08"]

1. Nf3 Nf6 2. c4 e6 3. g3 d5 4. Bg2 d4 5. b4 Bxb4 6. Qa4+ Nc6 7. Ne5 Rb8 8.
Nxc6 bxc6 9. Qxa7 Rb6 10. Qa4 Qd6 11. O-O O-O 12. d3 Bb7 13. Bg5 Ra8 14. Qc2
Nd7 15. Nd2 Bxd2 16. Bxd2 c5 17. Bxb7 Rxb7 18. Rfb1 Rxb1+ 19. Qxb1 Qb6 20. Qc2
Rb8 21. a4 e5 22. a5 Qa6 23. Qa4 c6 24. Qa3 f6 25. Kg2 Kf7 26. e3 Ke6 27. Qa2
Kd6 28. Qc2 Kc7 29. Ra2 Rb7 30. Qd1 e4 31. exd4 cxd4 32. Qg4 exd3 33. Qxd4 Rb3
34. Bf4+ Ne5 35. Bxe5+ fxe5 36. Qxe5+ Kb7 37. Qxg7+ Ka8 38. Qh8+ Rb8 39. Qc3
Rd8 40. Rd2 Qb7 41. Rxd3 c5+ 42. Rd5 1-0

[Event "225th YMCA Winter B"]
[Site "Warsaw"]
[Date "2020.01.24"]
[Round "3"]
[White "Koziol, Pawel"]
[Black "Kwiek, Janusz"]
[Result "1-0"]
[WhiteElo "1788"]
[BlackElo "1549"]
[PlyCount "111"]
[EventDate "2020.01.08"]
[EventType "tourn"]
[EventRounds "1"]
[EventCountry "POL"]
[SourceDate "2020.01.08"]

1. c4 c5 2. g3 Nf6 3. Bg2 g6 4. Nc3 Bg7 5. e4 Nc6 6. Nge2 O-O 7. d3 d6 8. O-O
Bd7 9. h3 Qc8 10. Kh2 Nh5 11. f4 e6 12. Be3 f5 13. d4 cxd4 14. Nxd4 Nxd4 15.
Bxd4 Bxd4 16. Qxd4 Qc5 17. Rad1 Bc6 18. Qxd6 Qxd6 19. Rxd6 Rfe8 20. e5 Bxg2 21.
Kxg2 Rac8 22. b3 Kf7 23. Nb5 Re7 24. Rfd1 a6 25. Nd4 Ng7 26. Nf3 Ke8 27. Rb6
Rd8 28. Rdd6 h6 29. c5 Rdd7 30. Kf2 Kf7 31. Ke3 Ne8 32. Rxd7 Rxd7 33. Nd4 Nc7
34. Rd6 Rxd6 35. exd6 Nd5+ 36. Kd2 g5 37. fxg5 hxg5 38. Nf3 Nf6 39. Nxg5+ Ke8
40. b4 Kd7 41. Kd3 e5 42. Nf7 e4+ 43. Kd4 Nh5 44. g4 fxg4 45. hxg4 Ng3 46. Ng5
Ne2+ 47. Kxe4 Nc1 48. Kd4 Nxa2 49. Kc4 Nc1 50. Ne4 Ne2 51. Nf6+ Kd8 52. Kd5
Nf4+ 53. Ke4 Ne6 54. Ke5 Nf8 55. Kf5 Kc8 56. g5 1-0

[Event "225th YMCA Winter B"]
[Site "Warsaw"]
[Date "2020.01.22"]
[Round "3"]
[White "Omar, Mohamed"]
[Black "Mazurek, Jerzy"]
[Result "0-1"]
[WhiteElo "1834"]
[BlackElo "1672"]
[PlyCount "112"]
[EventDate "2020.01.08"]
[EventType "tourn"]
[EventRounds "1"]
[EventCountry "POL"]
[SourceDate "2020.01.08"]

1. e4 e5 2. d4 exd4 3. c3 Qe7 4. Qxd4 Nc6 5. Qe3 Nf6 6. Bd3 d5 7. exd5 Nxd5 8.
Qe2 Bg4 9. Qxe7+ Bxe7 10. h3 Bh5 11. Ne2 Ne5 12. Bc2 O-O-O 13. f4 Nc4 14. g3
Rhe8 15. Ba4 c6 16. Rh2 Bg6 17. Nd2 Nce3 18. Nf1 Nxf1 19. Kxf1 Bd3 20. Bd2 Bc5
21. Bb3 f5 22. Re1 Nf6 23. Rd1 Rxe2 24. Rxe2 Re8 25. Rde1 Nh5 26. Kg2 Rxe2+ 27.
Rxe2 Bxe2 28. Be6+ Kc7 29. Bxf5 g6 30. Bc2 Nf6 31. a3 Kd6 32. f5 gxf5 33. Bxf5
Ke5 34. Bc2 h5 35. Bf4+ Ke6 36. b4 Bb6 37. Bb3+ Nd5 38. Bd2 Kf5 39. Bc2+ Kf6
40. Be4 Ke5 41. Bg6 a6 42. Bb1 Ba7 43. Bg6 Bd1 44. Bb1 Be3 45. Be1 Nb6 46. g4
hxg4 47. hxg4 Bxg4 48. Bc2 Bf5 49. Bb3 Be4+ 50. Kf1 Bd3+ 51. Kg2 Be4+ 52. Kf1
Bd5 53. Bc2 Bc4+ 54. Kg2 Bc1 55. a4 Nd5 56. Bd1 Ne3+ 0-1

[Event "225th YMCA Winter B"]
[Site "Warsaw"]
[Date "2020.01.23"]
[Round "3"]
[White "Potocki, Karol"]
[Black "Kasperski, Marcin"]
[Result "1/2-1/2"]
[WhiteElo "1845"]
[BlackElo "1647"]
[PlyCount "87"]
[EventDate "2020.01.08"]
[EventType "tourn"]
[EventRounds "1"]
[EventCountry "POL"]
[SourceDate "2020.01.08"]

1. c4 Nf6 2. g3 g6 3. Bg2 Bg7 4. d4 c5 5. Nf3 cxd4 6. Nxd4 Nc6 7. Nc3 a6 8. O-O
O-O 9. c5 Qc7 10. Na4 Rd8 11. Nb6 Rb8 12. Nxc6 dxc6 13. Bf4 e5 14. Bxe5 Qe7 15.
Bd6 Qe8 16. Qa4 Bf5 17. Bxb8 Rxb8 18. Rad1 Qxe2 19. Qf4 Re8 20. Rd2 Qe7 21. b4
Ng4 22. Qd6 Bc3 23. Qxe7 Rxe7 24. Rd8+ Kg7 25. a3 Bb2 26. a4 Bc3 27. b5 axb5
28. axb5 Bf6 29. bxc6 bxc6 30. Nc4 Re2 31. Rd2 Rxd2 32. Nxd2 Bd3 33. Bxc6 Bxf1
34. Kxf1 Nxh2+ 35. Ke2 Ng4 36. f4 Be7 37. Nb3 Nf6 38. Bf3 h5 39. Kd3 Ne8 40.
Kc4 Nc7 41. Nd4 h4 42. gxh4 Bxh4 43. c6 Be7 44. Nb5 $11 1/2-1/2

[Event "225th YMCA Winter B"]
[Site "Warsaw"]
[Date "2020.01.29"]
[Round "3"]
[White "Safanowski, Tomasz"]
[Black "Sloniewska, Alicja"]
[Result "0-1"]
[WhiteElo "1834"]
[BlackElo "1683"]
[PlyCount "128"]
[EventDate "2020.01.08"]
[EventType "tourn"]
[EventRounds "1"]
[EventCountry "POL"]
[SourceDate "2020.01.08"]

1. d4 d5 2. c4 e6 3. Nc3 Nf6 4. Bg5 Be7 5. Nf3 O-O 6. Bxf6 Bxf6 7. e4 dxe4 8.
Nxe4 Nc6 9. Nxf6+ Qxf6 10. Qd2 Ne7 11. Bd3 Rd8 12. O-O h6 13. Rad1 Rb8 14. Qa5
b6 15. Qxa7 Bb7 16. Ne5 Qg5 17. f3 Qf4 18. Kh1 Nc6 19. g3 Qxf3+ 20. Nxf3 Nxa7
21. Kg1 Nc6 22. Be4 Ra8 23. a3 Ra4 24. Bxc6 Bxc6 25. Ne5 Be8 26. Rfe1 f6 27.
Nf3 Rxc4 28. Rxe6 Bf7 29. Re7 Bh5 30. Kf2 Kf8 31. Re4 Rc2+ 32. Rd2 Bxf3 33.
Rxc2 Bxe4 34. Rxc7 Bf5 35. Ke3 Rd7 36. Rc8+ Kf7 37. Rb8 Rd6 38. b4 g5 39. a4
Bd7 40. Rb7 Ke6 41. b5 Kd5 42. Kd3 Bf5+ 43. Kc3 Ke4 44. Rb8 Bg6 45. g4 h5 46.
Rg8 Bf7 47. Rg7 Be6 48. gxh5 Rxd4 49. a5 bxa5 50. b6 Rd3+ 51. Kc2 Bd5 52. h6
Rh3 53. h7 Rxh2+ 54. Kc3 Rh3+ 55. Kd2 Kf4 56. Rd7 Be4 57. Rc7 Bxh7 58. b7 Rb3
59. Rxh7 a4 60. Kc2 Rb6 61. Rf7 Kf5 62. Kc3 a3 63. Kc4 a2 64. Kc5 Rb1 0-1

[Event "225th YMCA Winter B"]
[Site "Warsaw"]
[Date "2020.01.23"]
[Round "3"]
[White "Dabrowski, Leszek"]
[Black "Kalejta, Arkadiusz"]
[Result "0-1"]
[WhiteElo "1598"]
[BlackElo "1774"]
[PlyCount "90"]
[EventDate "2020.01.08"]
[EventType "tourn"]
[EventRounds "1"]
[EventCountry "POL"]
[SourceDate "2020.01.08"]

1. e4 e6 2. d3 d5 3. Nd2 Nf6 4. Ngf3 c5 5. g3 Nc6 6. Bg2 Be7 7. O-O O-O 8. e5
Nd7 9. Re1 Qc7 10. Qe2 b5 11. Nf1 a5 12. Bf4 Ba6 13. c3 Rfc8 14. a3 Nb6 15. h4
b4 16. Qd2 a4 17. N3h2 Na5 18. Qd1 Nb3 19. Ra2 Qd8 20. Bg5 bxc3 21. bxc3 Rab8
22. Ng4 Qf8 23. Bf4 c4 24. d4 Bxa3 25. Bh6 Be7 26. Bg5 h6 27. Bxe7 Qxe7 28.
Nge3 Bb5 29. Nd2 Ra8 30. f4 a3 31. f5 Ba4 32. Qg4 Nxd2 33. Rxd2 Bd7 34. f6 Qf8
35. Ra1 g6 36. Rda2 Na4 37. Rxa3 Nxc3 38. Nxc4 Rxa3 39. Nxa3 Ra8 40. Nc2 Rxa1+
41. Nxa1 Qa3 42. h5 Qxa1+ 43. Kh2 Qd1 44. Bf3 Qd2+ 45. Kh3 Qg5 0-1

[Event "225th YMCA Winter B"]
[Site "Warsaw"]
[Date "2020.01.30"]
[Round "4"]
[White "Szukalski, Antoni"]
[Black "Kalejta, Arkadiusz"]
[Result "0-1"]
[WhiteElo "1752"]
[BlackElo "1774"]
[PlyCount "104"]
[EventDate "2020.01.08"]
[EventType "tourn"]
[EventRounds "1"]
[EventCountry "POL"]
[SourceDate "2020.01.08"]

1. e4 e6 2. d4 d5 3. exd5 exd5 4. Nf3 Nf6 5. Bd3 Bd6 6. O-O O-O 7. Bg5 Bg4 8.
Nbd2 Nbd7 9. c3 c6 10. Qc2 Qc7 11. Rfe1 Rfe8 12. Bh4 Bh5 13. a4 Bg6 14. Bxg6
hxg6 15. Bg3 Bxg3 16. hxg3 Rxe1+ 17. Rxe1 Re8 18. Rxe8+ Nxe8 19. Qd3 Nef6 20.
Qe2 Kf8 21. Ne5 Nxe5 22. dxe5 Nd7 23. e6 Nc5 24. exf7 Qxf7 25. a5 Qe7 26. Kf1
Qxe2+ 27. Kxe2 Na4 28. Nb3 b6 29. axb6 axb6 30. Nd4 c5 31. Ne6+ Ke7 32. Nf4 Kd6
33. Nxg6 Nxb2 34. Nh4 Ke6 35. f4 Nc4 36. g4 Nd6 37. g5 Nf5 38. Nf3 Ng3+ 39. Kd3
Kf5 40. Ne5 Kxf4 41. Nd7 c4+ 42. Kd4 Ne2+ 43. Kxd5 b5 44. Kc5 Nxc3 45. Nb6 Na4+
46. Nxa4 bxa4 47. Kxc4 Kxg5 48. Kb4 Kg4 49. Kxa4 Kg3 50. Kb4 Kxg2 51. Kc4 g5
52. Kd4 Kf3 0-1